Pre-2000’s Musicians - Sudden Death - Statistics

General Stats
  • This quiz has been taken 613 times
  • The average score is 6 of 15
Answers on the Grid
Answers color-coded by a green-red scale on the quiz's grid according to % correct below.
Alicia Keys
Amy Winehouse
Avril Lavigne
Bruno Mars
Ellie Goulding
Eminem
Enrique Iglesias
Flo Rida
Iggy Pop
Jennifer Lopez
John Mayer
Kanye West
Kate Bush
Keith Urban
Kelly Clarkson
Kesha
Kylie Minogue
Lady Gaga
LeAnn Rimes
Madonna
Michael Bublé
Otis Redding
PSY
Rick James
Ricky Martin
Rihanna
Seal
Susan Boyle
Toni Braxton
Usher
 
Answer Stats
Answer % Correct
Madonna
58%
Eminem
57%
Iggy Pop
51%
Jennifer Lopez
51%
Kate Bush
49%
Otis Redding
46%
Kylie Minogue
43%
Ricky Martin
42%
Seal
41%
Enrique Iglesias
37%
Toni Braxton
32%
Rick James
28%
LeAnn Rimes
25%
Usher
24%
Keith Urban
22%
No matching quizzes found
Score Distribution
Percent of People with Each Score
Percentile by Number Answered
Your Score History
You have not taken this quiz